000 00548nam a2200169 i 4500
001 47030
003 ES-MaACL
005 20230906161505.0
007 t|
008 030402s1971 sp ||||1| spa d
100 1 _aContinaud, Olivier.
_940293
245 1 0 _aElementos de psicología para enfermeras y asistentes sociales /
_cOlivier Continaud ; [tradujo José L. Portela Alvarez].
260 _aSalamanca :
_bSígueme,
_c1971.
300 _a254 p. ;
_c19 cm.
700 1 _aPortela Alvarez, José L.
_993207
852 _aES-MaACL
_jC-48113
_bR.76053
999 _c47030
_d47030